000 01083cam a2200373 4500
008 090401t1993 xxu||||| |||| 00| 0 eng d
020 _a1857280490
035 _a(Sirsi) u45449
041 _aeng
050 _a333.3370943
100 _aDieterich, Hartmut
245 _aUrban land & property markets in Germany.
260 _aLondon
_bUCL Press Limited
_c1993
300 _axii,275p. ; 24cm.
350 _a40
490 _aUCL Press European Urban Land and Property Markets
_v2
520 _aIncludes case studies from Hildesheim, Stuttgart, Dortmund, Dusseldorf, Frankfurt and Cologne.
650 _aPROPERTY-COMMERCIAL PROPERTY
650 _aHOUSE PRICES
650 _aINDUSTRIAL PROPERTY
650 _aLAND MARKET
650 _aLAND PRICES
650 _aOFFICES
650 _aPROPERTY MARKET
650 _aRENT
650 _aUNIVERSITY OF DORTMUND
650 _aURBAN AREAS
690 _aOVERSEAS-EUROPE
700 _aDransfeld, Egbert
700 _aVoss, Winrich
710 _aUniversitaet Dortmund
_9485
942 _n0
948 _c04/03/1997
999 _c91725
_d91725